Quizzes
Events
Quiz Creation
Community
Videos
Private Events
Remove Ads
Sign In
Join for FREE
Feedback
Dark Mode
Quiz Categories
Sports
Geography
Music
Movies
Television
Just For Fun
Miscellaneous
History
Literature
Language
Science
Gaming
Entertainment
Religion
Holiday
For Kids
Quiz Lab
Recent
Popular Today
Quiz Kudos Today
Editor Picks
Curator Picks
Quizzes by...
Day
Popularity
Type
Ratings
Length
Year
Community
Subscriptions
Recent Discussions
Orange Saloon
Badges
Playlists
Quests
Create
Leaderboards
Showdown
Live 5
Trivia Bingo
Activity
Puzzle Library
Sporcle Events
Private Events
Virtual Trivia
Globe League
Become a Host
Pub Owners
SporcleCon
Opinionation
Our Games
Videos
Blog
Mobile Apps
Partnerships
Remove Ads and Go Orange
Feedback
Science
Computer
Plants
Astronomy
Chemistry
Elements
Math
Animal
Physics
Anatomy
Biology
Geology
General Science
Science
Computer
Plants
Astronomy
Chemistry
Elements
Math
Animal
Physics
Anatomy
Biology
Geology
General Science
Random Quiz
Search Sporcle
×
Quiz Lab
Quiz Lab
Science
Virus
Type in answers that appear in a list
Type in answers that appear in a list
Classic
Best Score? Go Orange.
Common ID Virus Buzzwords Stats
Can you name the Virus?
By
DudeMeister4
15m
39 Questions
198 Plays
198 Plays
198 Plays
Comments
Comments
Give Quiz Kudos
Give Quiz Kudos
-
- Ratings
hide this ad
Forced Order
Answers have to be entered in order
Answers have to be entered in order
Random Order
Randomize order of answers
Randomize order of answers
Replay
Link that replays current quiz
Next Quiz
Link to next quiz in quiz playlist
You Got
0%
They Got
Avg Score
60%
Avg Friend Score
Upgrade to see
Score Distribution
Jump to the score distribution portion of the page
Score
0/39
Timer
15:00
0
Plays Today
Q
Virus
% Correct
latent in DRG, reactivates in dermatome
VZV
80.3%
Burkitt's Lymphoma
EBV
80.3%
MCC diarrhea in adults, cruise ship
norovirus
77.8%
hepatocellular carcinoma
HepB
75.8%
Hepatitis that replicates by reverse transcription
HepB
74.7%
Kaposi's Sarcoma
HHV8
74.7%
congenital hearing loss, chorioretinits, microcephaly, seizures
CMV
73.2%
newborn with congenital microcephaly, cataracts, blueberry muffin rash, sensorineurial deafness
rubella
72.2%
MCC diarrhea in kids, day care
rotavirus
72.2%
slapped cheeks rash
parvovirus B19
70.7%
infects ventral horns of spinal cord and peyer's patches
poliovirus
69.2%
water-
borne hepatitis
HepE
69.2%
URTI, congestion, sneeze, during Fall/
Spring
rhinovirus
68.7%
fever, exudative pharyngitis, high LFTs, risk of splenic rupture
EBV
67.2%
rash on hands, feet, and mouth (itchy in adults)
coxsackie A
66.7%
Oral hairy leukoplakia, non-
scrapable
EBV
66.7%
Roseola
HHV6
66.7%
abrupt onset of dry cough, fever, malaise, congestion
influenza
64.1%
Herpangina
coxsackie A
62.1%
acute pericarditis or myocarditis
coxsackie B
59.1%
Q
Virus
% Correct
non-
febrile bronchiolitis
Respiratory Syncytial Virus
59.1%
URTI, congestion, sneeze, during Winter
coronavirus
58.6%
maculopapular rash lasts 3 days
rubella
57.6%
MCC Gingivostomatitis
HSV1
57.6%
hemorrhagic fever with black vomit and jaundice
flavivirus
56.1%
aseptic nuchal rigidity, headache, fever
enterovirus
55.1%
pleurodynia
coxsackie B
54%
keratoconjunctivitis
adenovirus
54%
hemorrhagic fever with renal syndrome
hantavirus
52.5%
MCC viral encephalitis
HSV1
51.5%
Castleman's dz
HHV8
50.5%
hemorrhagic fever with back pain, rash
flavivirus
50%
viral diarrhea, slow incubation
adenovirus
50%
lacks HA
RSV
46%
suboccipital lymphadenopathy
rubella
40.4%
Predisposition to strongyloides infxn
HTLV1
39.4%
MCC inspiratory stridor, barking cough, hoarseness
parainfluenza1
37.3%
umbilicated painless skin nodules
molluscipox
36.9%
hemorrhagic conjunctivitis
enterovirus 70
31.3%
Quiz Playlist
Details
Report
Send in Message
Add To Playlist
Classic:
Type in answers that appear in a list
Forced Order:
Answers have to be entered in order
Random Order:
Randomize order of answers
Last Updated: Feb 16, 2017
Quiz Scoreboard
CHALLENGE
Sign Up to Join the Scoreboard
Show All
Scores
Hide
Comments
May contain spoilers
Recently Published
An Introduction to Baseball
by treessimontrees
Sports
5m
Movies - When Are They Set?
by FPL_Elf
Movies
5m
Popular People in 1961
by mucciniale
History
6m
More to Explore
Quiz From the Vault
Featured Blog Post
Where Did the Easter Bunny Come From?
hide this ad
You Might Also Like...
Tags
Infectious Diseases
Virus
Today's Top Quizzes in Science
Browse Science
hide this ad
Today's Top Quizzes in Virus
Browse Virus
Top Contributed Quizzes in Science
1
Quick Pick: 'CI-CJ' Animals
2
Quick Pick: Radians
3
Elements In Images
4
One Thing in Common: Science
5
One Thing in Common: Science III
6
Count to 60
7
One Thing in Common: Science II
8
One Thing in Common: Animals
9
Square Numbers Scrambled (1-50)
10
Order Up: Organs and Body Systems
Explore More
Trending Topics
Marvel
NBA
Crossword
Kpop
Harry Potter
Anime
Disney
The Office
Country
Soccer
Puzzle
Song
WWE
Pokémon
NFL
hide this ad
More By:
DudeMeister4
Quiz
Plays
Rating
Category
Featured
Created
Common ID Virus Buzzwords
198
4.00
Science
Jun 5, 2012
Common ID Disease Buzz words
20
Science
Apr 17, 2012
Go to Creator's Profile
Score Distribution
Quiz Creator Spotlight
DudeMeister4
Follow
Send a Message
Quizzes Created
-
Created Quiz Play Count
-
More By This Creator
Popular Quizzes Today
1
Find the Countries of Europe - No Outlines Minefield
2
Find the US States - No Outlines Minefield
3
The Countries of the World
4
Popular People in 1961
5
Find the US States
6
US States
7
1-10 Letter E Words III
8
Risky Map Clicking: Biggest States A-Z
More Science Quizzes
DNA Structure
Curator's Pick
Trending Quizzes
Risky Map Clicking: Least Populous States A-Z
1-10 Letter F Words
1-10 Letter G Words
Not Quite an Element Typing Challenge
One Thing in Common: United Kingdom
Recently Updated
Leaping Animals
pecheneg
Reality TV Shows (A-Z)
bhenderson79
Rickey Henderson's Hall of Fame Teammates
pecheneg
Champions League XIs: Arsenal
pecheneg
Quick Pick: Celebrities in WWE's Hall of Fame
aduchscher
A-Z Keypad Blitz II
pecheneg
Multiple Oscar Actors
pecheneg
Mystery Phrase Blitz: Oscar 'Best Actors'
pecheneg
F. Scott Fitzgerald Novels
LTH
Pick 3 Villains
ddd62291
Trending Topics
Harry Potter
Crossword
Anime
Marvel
Disney
NBA
Kpop
Song
Country
The Office
Pokémon
Soccer
WWE
Puzzle
NFL
Your Account Isn't Verified!
In order to create a playlist on Sporcle, you need to verify the email address you used during registration. Go to your
Sporcle Settings
to finish the process.
Report this User
Report this user for behavior that violates our
Community Guidelines
.
Details:
Send Report
Go to the Sporcle.com Mobile Site →
Comments